000 00522nam a2200181Ia 4500
008 090124s9999 xx 000 0 und d
082 _b120910
100 _aगावडे पु.ल.
245 _a सूर गवसलाच नाही
250 _a1
260 _c1985
300 _a172
600 _aगावडे पु.ल.
630 _a सूर गवसलाच नाही
700 _aगावडे पु.ल.
730 _a सूर गवसलाच नाही
942 _cBOOK
999 _c166996
_d166996